000 01802nam a2200481 i 4500
001 29777
003 KOSZ 005
005 20211203113632.0
008 970510s1993 pl a |000 0 pol
015 _aUWD 1993/1285
020 _a8301110317
035 _a991000834129705066
035 _a(PL-WaBN)b10260766-48omnis_nlop
035 _ab10260766
035 _a(OCoLC)749649337
035 _a(PL)b0000001026076
035 _a(EXLNZ-48OMNIS_NETWORK)9910126166505606
040 _aWA N
_cWA N
_dKOSZ 005/EG
080 _a62-1/-8
080 _a517
080 _a514.18
100 1 _aSzczepiński, Wojciech
_d(1924-2010)
_eAutor
245 1 0 _aWstęp do rachunku odchyłek wymiarowych w budowie maszyn /
_cWojciech Szczepiński ; Polska Akademia Nauk. Instytut Podstawowych Problemów Techniki.
260 _aWarszawa ; Poznań :
_bWydaw. Naukowe PWN. Oddział,
_c1993.
_fPDN).
300 _a132 s. :
_brys., wykr. ;
_c24 cm.
336 _aTekst
_btxt
_2rdacontent
337 _aBez urządzenia pośredniczącego
_bn
_2rdamedia
338 _aWolumin
_bnc
_2rdacarrier
380 _aKsiążki
388 _a1901-2000
388 _a1989-2000
490 1 _aBiblioteka Mechaniki Stosowanej. Seria B, Podręczniki i Opracowania Inżynierskie
504 _aBibliogr. s. 131-132.
650 7 _aPomiary
_2DBN
650 7 _aTolerancje i pasowania
_2DBN
658 _aInżynieria i technika
650 7 _a Konstrukcja maszyn i urządzeń
_2DBN
710 2 _aWydawnictwo Naukowe PWN
_4pbl
830 0 _aBiblioteka Mechaniki Stosowanej
_nSeria B
_pPodręczniki i Zastosowania Inżynierskie
856 _uhttp://koha.tu.koszalin.pl/cgi-bin/koha/opac-detail.pl?biblionumber=29777
_yKatalog online BPK
942 _2UKD
_cKS
999 _c29777
_d29777